000 00642nam a2200241Ia 4500
003 OSt
005 20220918175224.0
006 a|||||r|||| 00| 0
007 ta
008 220917b |||||||| |||| 00| 0 eng d
024 _a16,230
037 _cTextual
040 _aARTS
_cARTS
_beng
041 _2eng
_aeng
082 _aO:1xE9, F2
100 _aSedgefield W J.
_953328
245 0 _aAnglo Saxon verse book
260 _c1922
490 _aUniversity of mancherster Publications 153 english series; 13
650 _aENGLISH LITERATURE
942 _hO:1xE9, F2
_cTEXL
_2CC
999 _c156614
_d156614